Tribhuvan University Central Library

plane trigonometry (Record no. 112380)

MARC details
000 -LEADER
fixed length control field 00395nam a22001457a 4500
008 - FIXED-LENGTH DATA ELEMENTS--GENERAL INFORMATION
fixed length control field 240305b |||||||| |||| 00| 0 eng d
082 ## - DEWEY DECIMAL CLASSIFICATION NUMBER
Classification number 516.242/L848p
100 ## - MAIN ENTRY--PERSONAL NAME
Personal name Lonely, S.L
245 ## - TITLE STATEMENT
Title plane trigonometry
Statement of responsibility, etc. /S.L Loney.-
250 ## - EDITION STATEMENT
Edition statement matric ed.
260 ## - PUBLICATION, DISTRIBUTION, ETC.
Place of publication, distribution, etc. London:
Name of publisher, distributor, etc. Cambridge University Press,
Date of publication, distribution, etc. 1972.
300 ## - PHYSICAL DESCRIPTION
Other physical details xi,327p. : ill
650 ## - SUBJECT ADDED ENTRY--TOPICAL TERM
Topical term or geographic name entry element Trigonometry
9 (RLIN) 7968
942 ## - ADDED ENTRY ELEMENTS (KOHA)
Source of classification or shelving scheme Dewey Decimal Classification
Koha item type General Collections
Holdings
Withdrawn status Lost status Source of classification or shelving scheme Damaged status Not for loan Home library Current library Date acquired Total Checkouts Full call number Barcode Date last seen Price effective from Koha item type
    Dewey Decimal Classification     Tribhuvan University Central Library Tribhuvan University Central Library 03/05/2024   516.242/L848p G93002 03/05/2024 03/05/2024 General Collections